[Event "ROM-chT"]
[Site "Mamaia"]
[Date "2024.10.06"]
[Round "9.1"]
[White "Shevchenko, Kirill"]
[Black "Pranav, V."]
[Result "1-0"]
[WhiteElo "2673"]
[BlackElo "2609"]
[PlyCount "71"]
[EventDate "2024.09.28"]
[EventType "team-tourn"]
[EventRounds "9"]
[EventCountry "ROU"]
[SourceTitle "EXT 2025"]
[Source "ChessBase"]
[SourceDate "2024.10.14"]
[SourceVersion "1"]
[SourceVersionDate "2024.10.14"]
[SourceQuality "1"]
[WhiteTeam "Bucuresti ASE"]
[BlackTeam "Baia Mare Municipiului"]
[WhiteTeamCountry "ROU"]
[BlackTeamCountry "ROU"]

1. e4 e5 2. Nf3 Nc6 3. Bb5 a6 4. Ba4 Nf6 5. 0-0 d6 6. Re1 Bd7 7. c3 g6 8. d4 Bg7 9. h3 0-0 10. Bc2 Nh5 11. a4 Qe8 12. Na3 f5 13. dxe5 dxe5 14. b4 f4 15. Bb3+ Kh8 16. Bd5 g5 17. Nc4 g4 18. Bxc6 bxc6 19. Nfxe5 Rd8 20. hxg4 Bxe5 21. Nxe5 Qxe5 22. gxh5 Be6 23. Qf3 Rf7 24. Rb1 Bc4 25. Rd1 Rg8 26. Rd4 Be6 27. h6 Bg4 28. Qd3 Be2 29. Qxe2 f3 30. Qd3 Rff8 31. Rd7 Rxg2+ 32. Kf1 Rxf2+ 33. Kxf2 Qh2+ 34. Ke3 Qxh6+ 35. Kd4 Qe6 36. Kc5 1-0

[Event "ROM-chT"]
[Site "Mamaia"]
[Date "2024.10.05"]
[Round "8.1"]
[White "Raceanu, Valentin"]
[Black "Shevchenko, Kirill"]
[Result "0-1"]
[WhiteElo "2427"]
[BlackElo "2673"]
[PlyCount "100"]
[EventDate "2024.09.28"]
[EventType "team-tourn"]
[EventRounds "9"]
[EventCountry "ROU"]
[SourceTitle "EXT 2025"]
[Source "ChessBase"]
[SourceDate "2024.10.14"]
[SourceVersion "1"]
[SourceVersionDate "2024.10.14"]
[SourceQuality "1"]
[WhiteTeam "Techirghiol Sparta"]
[BlackTeam "Bucuresti ASE"]
[WhiteTeamCountry "ROU"]
[BlackTeamCountry "ROU"]

1. d4 Nf6 2. c4 g6 3. Nc3 Bg7 4. e4 d6 5. Be2 0-0 6. Bg5 Na6 7. Nf3 Qe8 8. 0-0 e5 9. Re1 Bg4 10. d5 Nc5 11. Nd2 Bxe2 12. Qxe2 Nh5 13. Nb5 Qd7 14. b4 Na4 15. Rac1 a6 16. Nc3 h6 17. Be3 Nf4 18. Qf1 f5 19. Nxa4 Qxa4 20. Bxf4 exf4 21. exf5 Rxf5 22. Qd3 Re8 23. Nf3 Rxe1+ 24. Rxe1 Qxb4 25. h4 b5 26. Qe4 Be5 27. Nxe5 dxe5 28. Rc1 Kg7 29. Qd3 Qc5 30. Qc2 b4 31. Qa4 e4 32. Qe8 e3 33. fxe3 Qxe3+ 34. Qxe3 fxe3 35. Re1 Rf4 36. c5 Re4 37. h5 Re5 38. hxg6 Rxd5 39. Rxe3 Rxc5 40. Re7+ Kxg6 41. Re6+ Kg5 42. Rxa6 Rc3 43. Kh2 c5 44. Re6 h5 45. Re2 Kf4 46. Rf2+ Ke4 47. g3 Kd3 48. Kh3 Rc2 49. Rf3+ Kc4 50. Kh4 Rxa2 0-1

[Event "ROM-chT"]
[Site "Mamaia"]
[Date "2024.10.04"]
[Round "7.1"]
[White "Petkov, Momchil"]
[Black "Shevchenko, Kirill"]
[Result "1/2-1/2"]
[WhiteElo "2540"]
[BlackElo "2673"]
[PlyCount "45"]
[EventDate "2024.09.28"]
[EventType "team-tourn"]
[EventRounds "9"]
[EventCountry "ROU"]
[SourceTitle "EXT 2025"]
[Source "ChessBase"]
[SourceDate "2024.10.14"]
[SourceVersion "1"]
[SourceVersionDate "2024.10.14"]
[SourceQuality "1"]
[WhiteTeam "Galati Smart"]
[BlackTeam "Bucuresti ASE"]
[WhiteTeamCountry "ROU"]
[BlackTeamCountry "ROU"]

1. d4 Nf6 2. c4 c6 3. Nf3 d5 4. g3 Bg4 5. Ne5 Bf5 6. cxd5 cxd5 7. Nc3 Nc6 8. f3 Rc8 9. Bf4 h5 10. Rc1 e6 11. e4 dxe4 12. Nxc6 Rxc6 13. Bb5 Be7 14. fxe4 Nxe4 15. d5 Qb6 16. Qe2 Nxc3 17. Rxc3 exd5 18. Bxc6+ bxc6 19. Rb3 Qa5+ 20. Bd2 Qc7 21. Bf4 Qa5+ 22. Bd2 Qc7 23. Bf4 1/2-1/2

[Event "ROM-chT"]
[Site "Mamaia"]
[Date "2024.09.29"]
[Round "2.13"]
[White "Shevchenko, Kirill"]
[Black "Theodorou, Nikolas"]
[Result "1-0"]
[WhiteElo "2673"]
[BlackElo "2619"]
[PlyCount "49"]
[EventDate "2024.09.28"]
[EventType "team-tourn"]
[EventRounds "9"]
[EventCountry "ROU"]
[SourceTitle "EXT 2025"]
[Source "ChessBase"]
[SourceDate "2024.10.14"]
[SourceVersion "1"]
[SourceVersionDate "2024.10.14"]
[SourceQuality "1"]
[WhiteTeam "Bucuresti ASE"]
[BlackTeam "Timisoara Vest Univ"]
[WhiteTeamCountry "ROU"]
[BlackTeamCountry "ROU"]

1. e4 e5 2. Nf3 Nc6 3. Bb5 a6 4. Ba4 Nf6 5. 0-0 d6 6. Re1 Bd7 7. c3 g6 8. d4 Bg7 9. h3 0-0 10. Bc2 Nh5 11. a4 Qe8 12. Na3 b5 13. Be3 Rb8 14. axb5 axb5 15. Qd2 f5 16. Bh6 f4 17. Bb3+ Kh8 18. Bxg7+ Kxg7 19. Nc2 g5 20. dxe5 Nxe5 21. Nxe5 dxe5 22. Ra7 Rc8 23. Nb4 Rf6 24. Na6 Qd8 25. Nc5 1-0

[Event "Olympiad-45"]
[Site "Budapest"]
[Date "2024.09.16"]
[Round "6.4"]
[White "Shevchenko, Kirill"]
[Black "So, Wesley"]
[Result "1/2-1/2"]
[WhiteElo "2673"]
[BlackElo "2752"]
[PlyCount "60"]
[EventDate "2024.09.11"]
[EventType "team-swiss"]
[EventRounds "11"]
[EventCountry "HUN"]
[SourceTitle "EXT 2025"]
[Source "ChessBase"]
[SourceDate "2024.10.14"]
[SourceVersion "1"]
[SourceVersionDate "2024.10.14"]
[SourceQuality "1"]
[WhiteTeam "Romania"]
[BlackTeam "United States"]
[WhiteTeamCountry "ROU"]
[BlackTeamCountry "USA"]

1. d4 Nf6 2. c4 e6 3. Nc3 Bb4 4. Nf3 0-0 5. Bg5 c5 6. Rc1 cxd4 7. Nxd4 h6 8. Bh4 d5 9. cxd5 g5 10. Bg3 Qxd5 11. e3 Qxa2 12. Bd3 Qxb2 13. 0-0 Bxc3 14. Rc2 Qb4 15. Nb5 e5 16. Rxc3 Nc6 17. f4 a6 18. Rb3 Qe7 19. fxg5 Ng4 20. Nd6 Nxe3 21. Bh7+ Kxh7 22. Rxe3 Qxg5 23. Qe1 Qg6 24. Nc4 Be6 25. Nxe5 Nxe5 26. Bxe5 Rg8 27. Rg3 Qh5 28. Qe4+ f5 29. Qxb7+ Qf7 30. Qxf7+ Bxf7 1/2-1/2

[Event "Olympiad-45"]
[Site "Budapest"]
[Date "2024.09.14"]
[Round "4.17"]
[White "Shevchenko, Kirill"]
[Black "Nielsen, Hogni Egilstoft"]
[Result "1-0"]
[WhiteElo "2673"]
[BlackElo "2379"]
[PlyCount "35"]
[EventDate "2024.09.11"]
[EventType "team-swiss"]
[EventRounds "11"]
[EventCountry "HUN"]
[SourceTitle "EXT 2025"]
[Source "ChessBase"]
[SourceDate "2024.10.14"]
[SourceVersion "1"]
[SourceVersionDate "2024.10.14"]
[SourceQuality "1"]
[WhiteTeam "Romania"]
[BlackTeam "Faroe Islands"]
[WhiteTeamCountry "ROU"]
[BlackTeamCountry "FAI"]

1. c4 Nf6 2. Nc3 c5 3. Nf3 Nc6 4. e3 e6 5. d4 d5 6. a3 dxc4 7. Bxc4 cxd4 8. exd4 Be7 9. 0-0 0-0 10. Re1 a6 11. Ba2 b5 12. d5 exd5 13. Nxd5 Nxd5 14. Qxd5 Bb7 15. Qh5 Bf6 16. Bg5 Nd4 17. Ne5 g6 18. Nxg6 1-0

[Event "Olympiad-45"]
[Site "Budapest"]
[Date "2024.09.13"]
[Round "3.17"]
[White "Blomqvist, Erik"]
[Black "Shevchenko, Kirill"]
[Result "1-0"]
[WhiteElo "2491"]
[BlackElo "2673"]
[PlyCount "69"]
[EventDate "2024.09.11"]
[EventType "team-swiss"]
[EventRounds "11"]
[EventCountry "HUN"]
[SourceTitle "EXT 2025"]
[Source "ChessBase"]
[SourceDate "2024.10.14"]
[SourceVersion "1"]
[SourceVersionDate "2024.10.14"]
[SourceQuality "1"]
[WhiteTeam "Sweden"]
[BlackTeam "Romania"]
[WhiteTeamCountry "SWE"]
[BlackTeamCountry "ROU"]

1. e4 c5 2. Nc3 Nc6 3. Nf3 d6 4. d4 cxd4 5. Nxd4 Nf6 6. Bg5 e6 7. Qd2 a6 8. 0-0-0 Bd7 9. Nxc6 Bxc6 10. f3 Be7 11. Kb1 Qc7 12. h4 h6 13. Be3 b5 14. Ne2 Nd7 15. Nd4 Bb7 16. c4 bxc4 17. Bxc4 0-0 18. Rc1 Qd8 19. Bxh6 gxh6 20. Qxh6 Bf6 21. Nxe6 Qb6 22. e5 Bxe5 23. Rc2 Rab8 24. Qg5+ Kh8 25. Qh5+ Kg8 26. Nxf8 Rxf8 27. Qg4+ Bg7 28. Qxd7 Bc8 29. Bxf7+ Kh8 30. Qc7 Qd4 31. Bg6 Be6 32. h5 Bg8 33. Qb7 Bf6 34. Rc7 Bd5 35. Rh7+ 1-0

[Event "Cluj GP Rapid"]
[Site "Cluj"]
[Date "2024.06.14"]
[Round "10"]
[White "Fedoseev, Vladimir1"]
[Black "Shevchenko, Kirill"]
[Result "1/2-1/2"]
[WhiteElo "2685"]
[BlackElo "2680"]
[PlyCount "151"]
[EventDate "2024.06.13"]
[EventType "swiss (rapid)"]
[EventRounds "10"]
[EventCountry "ROU"]
[SourceTitle "CBM 220 Extra"]
[Source "ChessBase"]
[SourceDate "2024.07.31"]
[SourceVersion "1"]
[SourceVersionDate "2024.07.31"]
[SourceQuality "1"]

1. d4 d5 2. c4 c6 3. Nf3 Nf6 4. e3 Bf5 5. Nc3 e6 6. Nh4 Be4 7. Bd2 h6 8. cxd5 exd5 9. Nxe4 Nxe4 10. Nf3 Nxd2 11. Qxd2 Bd6 12. Bd3 Nd7 13. 0-0 0-0 14. b4 a6 15. a4 Qe7 16. Rfb1 Nf6 17. b5 axb5 18. axb5 c5 19. dxc5 Bxc5 20. Bc2 Rfd8 21. h3 g6 22. Qd3 Bb6 23. Bb3 Rac8 24. Rc1 Rxc1+ 25. Rxc1 Qb4 26. Ra1 Kg7 27. Ra4 Qc5 28. g3 Rc8 29. Kg2 Qc3 30. Qb1 Qc1 31. Ra1 Qxb1 32. Rxb1 Rc3 33. g4 Kf8 34. Rb2 Ke7 35. Ba2 Kd6 36. g5 hxg5 37. Nxg5 Ke7 38. h4 Rc5 39. Bb1 Ne8 40. Bd3 Nd6 41. Nf3 Rc3 42. Be2 Nc4 43. Ra2 Rb3 44. Nd2 Nxd2 45. Rxd2 d4 46. exd4 Rb4 47. d5 Rxh4 48. d6+ Kd7 49. Bf3 Rd4 50. Rc2 Rxd6 51. Bxb7 Rf6 52. f3 Rd6 53. Bc6+ Ke6 54. Ra2 Ke5 55. Kg3 f5 56. f4+ Kf6 57. Ra6 Bc5 58. b6 Rxc6 59. b7 Rxa6 60. b8Q Ra3+ 61. Kg2 Be7 62. Qg8 Ra6 63. Kg3 Ra3+ 64. Kf2 Ra6 65. Kf3 Rd6 66. Qh8+ Kf7 67. Qh7+ Kf6 68. Ke2 Rd8 69. Qh4+ Kf7 70. Qh7+ Kf6 71. Qh3 Kf7 72. Qb3+ Kf6 73. Kf3 Rd6 74. Qc4 Rd8 75. Ke2 Rd6 76. Kf3 1/2-1/2

[Event "Cluj GP Rapid"]
[Site "Cluj"]
[Date "2024.06.13"]
[Round "3"]
[White "Shevchenko, Kirill"]
[Black "Cruz de la Osa, Reider"]
[Result "1-0"]
[WhiteElo "2680"]
[BlackElo "2217"]
[PlyCount "105"]
[EventDate "2024.06.13"]
[EventType "swiss (rapid)"]
[EventRounds "10"]
[EventCountry "ROU"]
[SourceTitle "CBM 220 Extra"]
[Source "ChessBase"]
[SourceDate "2024.07.31"]
[SourceVersion "1"]
[SourceVersionDate "2024.07.31"]
[SourceQuality "1"]

1. c4 Nf6 2. Nc3 g6 3. e4 d6 4. d4 Bg7 5. Nf3 0-0 6. Be3 e5 7. d5 c6 8. Be2 cxd5 9. cxd5 a6 10. a4 Ng4 11. Bg5 f6 12. Bd2 Nh6 13. 0-0 Nf7 14. a5 f5 15. Ne1 Nd7 16. Nd3 Nf6 17. f3 Bh6 18. Bxh6 Nxh6 19. Qb3 Nh5 20. Rf2 fxe4 21. fxe4 Rxf2 22. Nxf2 Nf4 23. Bf1 Qe7 24. g3 Nh5 25. Be2 Nf6 26. Qb6 Bg4 27. Nxg4 Nhxg4 28. Rf1 Rf8 29. Nb1 Rc8 30. Bd3 Ne8 31. Nd2 Qg5 32. Nf3 Qe3+ 33. Qxe3 Nxe3 34. Re1 Ng4 35. Nd2 Kf7 36. Ra1 Ke7 37. h3 Ngf6 38. Kf2 Nd7 39. Ke3 Nc7 40. Ra3 Nf6 41. Rb3 Rb8 42. Be2 Nd7 43. Rc3 Kd8 44. b4 Nb5 45. Bxb5 axb5 46. Nb1 b6 47. a6 Ra8 48. Ra3 Nb8 49. a7 Nd7 50. Nc3 Nc5 51. bxc5 b4 52. cxb6 Kc8 53. Rb3 1-0

[Event "Cluj GP Rapid"]
[Site "Cluj"]
[Date "2024.06.13"]
[Round "1"]
[White "Shevchenko, Kirill"]
[Black "Petculescu, Diana Silvana"]
[Result "1-0"]
[WhiteElo "2680"]
[BlackElo "1703"]
[PlyCount "41"]
[EventDate "2024.06.13"]
[EventType "swiss (rapid)"]
[EventRounds "10"]
[EventCountry "ROU"]
[SourceTitle "CBM 220 Extra"]
[Source "ChessBase"]
[SourceDate "2024.07.31"]
[SourceVersion "1"]
[SourceVersionDate "2024.07.31"]
[SourceQuality "1"]

1. e4 c5 2. c3 d5 3. exd5 Qxd5 4. d4 cxd4 5. cxd4 Nc6 6. Nf3 Bg4 7. Be2 Nf6 8. Nc3 Qa5 9. h3 Bxf3 10. Bxf3 e6 11. 0-0 Be7 12. Bd2 Qd8 13. Be3 Nd5 14. Nxd5 exd5 15. Qb3 Qc7 16. Bxd5 0-0 17. Rac1 Rad8 18. Bf3 Qd6 19. Qxb7 Na5 20. Qxa7 Ra8 21. Bxa8 1-0

[Event "FRA-chT Top 16 Haute"]
[Site "Chartres"]
[Date "2024.06.09"]
[Round "4.19"]
[White "Shevchenko, Kirill"]
[Black "Van Wely, Loek"]
[Result "1-0"]
[WhiteElo "2680"]
[BlackElo "2607"]
[PlyCount "99"]
[EventDate "2024.06.06"]
[EventType "team-tourn"]
[EventRounds "4"]
[EventCountry "FRA"]
[SourceTitle "CBM 220 Extra"]
[Source "ChessBase"]
[SourceDate "2024.07.31"]
[SourceVersion "1"]
[SourceVersionDate "2024.07.31"]
[SourceQuality "1"]
[WhiteTeam "Chartres"]
[BlackTeam "Clichy Echecs 92"]
[WhiteTeamCountry "FRA"]
[BlackTeamCountry "FRA"]

1. e4 c5 2. Nf3 d6 3. d4 cxd4 4. Nxd4 Nf6 5. Nc3 a6 6. Be3 e5 7. Nb3 Be6 8. f3 h5 9. Nd5 Bxd5 10. exd5 Nbd7 11. Qd2 g6 12. 0-0-0 Bg7 13. Kb1 b6 14. Be2 Nc5 15. h4 Nfd7 16. Qe1 Qe7 17. g4 Na4 18. Qb4 Nac5 19. Bg5 Bf6 20. gxh5 Bxg5 21. hxg5 gxh5 22. Nxc5 bxc5 23. Qd2 Nf8 24. f4 Ng6 25. fxe5 Nxe5 26. Bxh5 Rb8 27. Qf4 Rg8 28. Qa4+ Kf8 29. Qxa6 Rxg5 30. Be2 Kg7 31. Rhg1 Rxg1 32. Rxg1+ Ng6 33. Bd3 Qe5 34. b3 Qxd5 35. Qa4 Rh8 36. Qg4 Rh1 37. a4 Kf6 38. Bc4 Rxg1+ 39. Qxg1 Qf3 40. a5 Ne5 41. Bb5 Qc3 42. Qf1+ Ke7 43. a6 Qa5 44. Qh1 Qc7 45. Qa8 c4 46. b4 Nd7 47. a7 Qb6 48. Qe4+ Ne5 49. a8Q Qxb5 50. Qab7+ 1-0

[Event "FRA-chT Top 16 Haute"]
[Site "Chartres"]
[Date "2024.06.06"]
[Round "1.2"]
[White "Shevchenko, Kirill"]
[Black "Esipenko, Andrey"]
[Result "1/2-1/2"]
[WhiteElo "2680"]
[BlackElo "2677"]
[PlyCount "83"]
[EventDate "2024.06.06"]
[EventType "team-tourn"]
[EventRounds "4"]
[EventCountry "FRA"]
[SourceTitle "CBM 220 Extra"]
[Source "ChessBase"]
[SourceDate "2024.07.31"]
[SourceVersion "1"]
[SourceVersionDate "2024.07.31"]
[SourceQuality "1"]
[WhiteTeam "Chartres"]
[BlackTeam "Asnieres"]
[WhiteTeamCountry "FRA"]
[BlackTeamCountry "FRA"]

1. d4 Nf6 2. c4 e6 3. Nf3 d5 4. Nc3 Bb4 5. Bg5 h6 6. Bxf6 Qxf6 7. e3 c5 8. Rc1 dxc4 9. Bxc4 cxd4 10. exd4 0-0 11. 0-0 Nc6 12. Ne4 Qf4 13. Bd3 Rd8 14. Rc4 Bf8 15. g3 Qc7 16. Qc1 Bd7 17. Nc5 Be8 18. Qe3 g6 19. h4 Bg7 20. h5 g5 21. Qe4 Qe7 22. Re1 Rac8 23. Qh7+ Kf8 24. Bf5 Nxd4 25. Nxd4 Rxc5 26. Rxe6 Qc7 27. Rg6 Qe5 28. Nf3 Bc6 29. Rxc6 Qxf5 30. Qxf5 Rxf5 31. Rc8 Re8 32. Kg2 Bxb2 33. Rxe8+ Kxe8 34. Rb4 Bf6 35. Rxb7 Ra5 36. Nh2 Rxa2 37. Ng4 Bd4 38. Nxh6 Rxf2+ 39. Kh3 f5 40. g4 Rf3+ 41. Kg2 Rf2+ 42. Kh3 1/2-1/2

[Event "Titled Tuesday intern op 28th May Late"]
[Site "Chess.com INT"]
[Date "2024.05.28"]
[Round "6"]
[White "Naroditsky, Daniel"]
[Black "Shevchenko, Kirill"]
[Result "1-0"]
[WhiteElo "2619"]
[BlackElo "2677"]
[PlyCount "71"]
[EventDate "2024.05.28"]
[EventType "swiss (blitz)"]
[EventRounds "11"]
[EventCountry "USA"]
[SourceTitle "EXT 2025"]
[Source "ChessBase"]
[SourceDate "2024.10.14"]
[SourceVersion "1"]
[SourceVersionDate "2024.10.14"]
[SourceQuality "1"]

1. e4 b6 2. d4 Bb7 3. Bd3 d6 4. Nf3 Nd7 5. Nc3 e6 6. Ne2 Ne7 7. h4 h6 8. h5 Nf6 9. Ng3 d5 10. e5 Ne4 11. Qe2 Nxg3 12. fxg3 Qd7 13. g4 c5 14. c3 Nc6 15. 0-0 Be7 16. Be3 c4 17. Bc2 0-0-0 18. b3 Ba6 19. Nd2 f6 20. exf6 Bxf6 21. bxc4 Kb8 22. Bd3 e5 23. cxd5 Bxd3 24. Qxd3 Qxd5 25. c4 Qd7 26. d5 Qxg4 27. Ne4 Nb4 28. Qb1 Qe2 29. Bxb6 axb6 30. Qxb4 Qe3+ 31. Kh1 Rd7 32. Rfe1 Qf4 33. Qxb6+ Rb7 34. Qd6+ Ka7 35. Qa3+ Kb8 36. Rab1 1-0

[Event "Titled Tuesday intern op 28th May Late"]
[Site "Chess.com INT"]
[Date "2024.05.28"]
[Round "7"]
[White "Shevchenko, Kirill"]
[Black "Principe, Gerson"]
[Result "1-0"]
[WhiteElo "2677"]
[BlackElo "2162"]
[PlyCount "131"]
[EventDate "2024.05.28"]
[EventType "swiss (blitz)"]
[EventRounds "11"]
[EventCountry "USA"]
[SourceTitle "EXT 2025"]
[Source "ChessBase"]
[SourceDate "2024.10.14"]
[SourceVersion "1"]
[SourceVersionDate "2024.10.14"]
[SourceQuality "1"]

1. b3 d5 2. Bb2 e6 3. Nf3 Nf6 4. e3 Be7 5. g4 0-0 6. g5 Ne4 7. h4 c5 8. d3 Nd6 9. h5 Nc6 10. Nbd2 f6 11. g6 h6 12. c4 dxc4 13. Nxc4 e5 14. Nh4 Be6 15. Bg2 Qd7 16. Qe2 Rad8 17. Rd1 Nb4 18. 0-0 Bg4 19. Bf3 Bh3 20. Nxd6 Bxd6 21. a3 Nc6 22. Rfe1 f5 23. Bd5+ Kh8 24. Bf7 Qe7 25. Ng2 Qg5 26. f4 exf4 27. exf4 Bxf4 28. Qf3 Bg3 29. Bc1 Qg4 30. Qxg4 Bxg4 31. Nf4 Bxd1 32. Rxd1 Bxf4 33. Bxf4 Nd4 34. Kf2 b6 35. Re1 Nb5 36. Re7 Nd6 37. Bxd6 Rxd6 38. Ke3 a6 39. Ra7 a5 40. Rb7 Rf6 41. a4 f4+ 42. Kf3 Rd8 43. Re7 Rxd3+ 44. Kg4 Rd8 45. Kf3 Rf8 46. Rd7 Rc6 47. Re7 Rd6 48. Kxf4 Rd4+ 49. Ke5 Rh4 50. Kd6 Rxh5 51. Rb7 Rf5 52. Ke7 Rc8 53. Be6 Rff8 54. Bxc8 Rxc8 55. Rxb6 Ra8 56. Rc6 Rb8 57. Rxc5 Kg8 58. Rxa5 Rb7+ 59. Kd6 Rb8 60. Rb5 Rd8+ 61. Ke7 Rf8 62. a5 Ra8 63. a6 Ra7+ 64. Rb7 Ra8 65. a7 Rf8 66. Rb8 1-0

[Event "ITA-chT Gp 55th"]
[Site "Vasto"]
[Date "2024.04.14"]
[Round "13.1"]
[White "Saric, Ivan"]
[Black "Shevchenko, Kirill"]
[Result "1-0"]
[WhiteElo "2670"]
[BlackElo "2675"]
[PlyCount "101"]
[EventDate "2024.04.12"]
[EventType "team-tourn"]
[EventRounds "7"]
[EventCountry "ITA"]
[SourceTitle "EXT 2025"]
[Source "ChessBase"]
[SourceDate "2024.10.14"]
[SourceVersion "1"]
[SourceVersionDate "2024.10.14"]
[SourceQuality "1"]

1. e4 c5 2. Nf3 Nc6 3. d4 cxd4 4. Nxd4 Nf6 5. Nc3 e5 6. Ndb5 d6 7. Bg5 a6 8. Na3 b5 9. Nd5 Be7 10. Bxf6 Bxf6 11. c3 Rb8 12. Nc2 Bg5 13. a4 bxa4 14. Ncb4 Nxb4 15. cxb4 0-0 16. Rxa4 a5 17. b5 Bd7 18. Nc3 d5 19. Nxd5 Bxb5 20. Bxb5 Rxb5 21. 0-0 Rxb2 22. Qa1 Rb5 23. Qxe5 Kh8 24. Rd1 Bf6 25. Qh5 Qd6 26. Nxf6 Rxh5 27. Rxd6 gxf6 28. Rxf6 Kg7 29. Ra6 Re8 30. f3 Ree5 31. g4 Rhg5 32. h4 Rg6 33. R4xa5 Re7 34. h5 Rxa6 35. Rxa6 h6 36. Kf2 Rc7 37. Kg3 Rc3 38. Kf4 Rb3 39. e5 Rc3 40. Ke4 Rc7 41. f4 Rb7 42. Kf5 Re7 43. g5 hxg5 44. h6+ Kh7 45. Kxg5 Rd7 46. f5 Rc7 47. Kf6 Rb7 48. e6 fxe6 49. fxe6 Rb1 50. e7 Rf1+ 51. Ke6 1-0